<?xml version="1.0" encoding="UTF-8"?>
<record
    xmlns:xsi="http://www.w3.org/2001/XMLSchema-instance"
    xsi:schemaLocation="http://www.loc.gov/MARC21/slim http://www.loc.gov/standards/marcxml/schema/MARC21slim.xsd"
    xmlns="http://www.loc.gov/MARC21/slim">

  <leader>02418    a2200205   4500</leader>
  <controlfield tag="001">14241</controlfield>
  <controlfield tag="005">20260407155446.0</controlfield>
  <controlfield tag="008">260407a1963    arg                 spa d</controlfield>
  <controlfield tag="003">AR-UNSa-BCEJYS</controlfield>
  <datafield tag="040" ind1=" " ind2=" ">
    <subfield code="a">AR-UNSa-BCEJYS</subfield>
    <subfield code="b">spa</subfield>
    <subfield code="c">AR-UNSa-BCEJYS</subfield>
  </datafield>
  <datafield tag="080" ind1=" " ind2=" ">
    <subfield code="a">347.91</subfield>
    <subfield code="x">Procedimientos civiles particulares (Derecho Procesal Civil)</subfield>
  </datafield>
  <datafield tag="245" ind1="1" ind2="0">
    <subfield code="a">Tratado t&#xE9;orico pr&#xE1;ctico de derecho procesal civil y comercial</subfield>
  </datafield>
  <datafield tag="250" ind1=" " ind2=" ">
    <subfield code="a">2a. ed.</subfield>
  </datafield>
  <datafield tag="264" ind1=" " ind2="1">
    <subfield code="a">Buenos Aires :</subfield>
    <subfield code="b">EDIAR</subfield>
    <subfield code="c">1963</subfield>
  </datafield>
  <datafield tag="300" ind1=" " ind2=" ">
    <subfield code="a">7 v.</subfield>
    <subfield code="c">22 cm.</subfield>
  </datafield>
  <datafield tag="505" ind1=" " ind2=" ">
    <subfield code="a">Vol. 1: Parte General: 1. Principios generales del derecho procesal - 2. Las fuentes del derecho procesal - 3. La acci&#xF3;n - 4. El proceso - 5. Las partes - 6. Pluralidad de procesos - 7. Proceso con pluralidad de partes - 8. Actos jur&#xED;dicos procesales -- Vol. 2: Organizaci&#xF3;n judicial. Jurisdicci&#xF3;n y competencia: 9. Organizaci&#xF3;n judicial - 10. El juez - 11. Auxiliares de la justicia - 12. La jurisdicci&#xF3;n - 13. La competencia - 14. Competencia federal -- Vol. 3: Juicio ordinario: 15. Disposiciones preliminares - 16. Demanda - 17. Citaci&#xF3;n y emplazamiento - 18. Las excepciones - 19. Contestaci&#xF3;n de la demanda - 20. Prueba - 21. Confesi&#xF3;n - 22. Prueba instrumental - 23. Prueba pericial - 24. Prueba testimonial - 25. Inspecci&#xF3;n ocular - 26. Juramento - 27. Presunciones - 28. Conclusiones de la causa para definitiva -- Vol. 4: Juicio ordinario. Segunda Parte: 29. Sentencia - 30. Recursos - 31. Procedimiento en segunda instancia - 32. Perenci&#xF3;n de instancia - 33. Desestimiento - 34. Transacci&#xF3;n - 35. Incidentes - 36. Costas -- Vol. 5: Ejecuci&#xF3;n forzada y medidas precautorias: 37. Ejecuci&#xF3;n procesal forzada - 38. Ejecuci&#xF3;n de sentencia - 39. Juicio ejecutivo - 40. Juicio de apremio - 41. Medidas precautorias - 42. Tercerias - 43. Juicio ordinario en rebeldia - -- Vol. 6: Juicios especiales: 44. Jactancia - 45. Desalojo - 46. Interdictos - 47. Alimentos y litisexpensas - 48. Interdicci&#xF3;n - 48.1 Dep&#xF3;sito de personas - 49. Mensura, deslinde y amojamiento - 50. Concurso civil de acreedores - 51. Juicio sucesorio -- Vol. 7: Juicios especiales. Procedimiento ante la Justicia de Paz. Ind&#xED;ces Generales: 52. Juicio arbitral - 53. Jucio pericial - 54. Declaratoria de pobreza - 55. Rendici&#xF3;n de cuentas - 56. Informaci&#xF3;n posesoria - 57. Procedimiento en la justicia nacional de paz  </subfield>
  </datafield>
  <datafield tag="942" ind1=" " ind2=" ">
    <subfield code="c">BK</subfield>
  </datafield>
  <datafield tag="590" ind1=" " ind2=" ">
    <subfield code="a">niveau_biblio:m niveau_hierar:0</subfield>
  </datafield>
  <datafield tag="100" ind1="1" ind2=" ">
    <subfield code="a">Alsina, Hugo</subfield>
  </datafield>
  <datafield tag="999" ind1=" " ind2=" ">
    <subfield code="c">574</subfield>
    <subfield code="d">574</subfield>
  </datafield>
  <datafield tag="952" ind1=" " ind2=" ">
    <subfield code="0">0</subfield>
    <subfield code="1">0</subfield>
    <subfield code="4">0</subfield>
    <subfield code="7">0</subfield>
    <subfield code="a">BCEJYS</subfield>
    <subfield code="b">BCEJYS</subfield>
    <subfield code="c">16</subfield>
    <subfield code="d">2026-04-07</subfield>
    <subfield code="l">0</subfield>
    <subfield code="o">347.91 A461 v.1 2ed.</subfield>
    <subfield code="p">L118932</subfield>
    <subfield code="r">2026-04-07 15:54:46</subfield>
    <subfield code="w">2026-04-07</subfield>
    <subfield code="y">L</subfield>
  </datafield>
  <datafield tag="952" ind1=" " ind2=" ">
    <subfield code="0">0</subfield>
    <subfield code="1">0</subfield>
    <subfield code="4">0</subfield>
    <subfield code="7">0</subfield>
    <subfield code="a">BCEJYS</subfield>
    <subfield code="b">BCEJYS</subfield>
    <subfield code="c">16</subfield>
    <subfield code="d">2026-04-07</subfield>
    <subfield code="l">0</subfield>
    <subfield code="o">347.91 A461 v.2 2ed.</subfield>
    <subfield code="p">L118933</subfield>
    <subfield code="r">2026-04-07 15:54:46</subfield>
    <subfield code="w">2026-04-07</subfield>
    <subfield code="y">L</subfield>
  </datafield>
  <datafield tag="952" ind1=" " ind2=" ">
    <subfield code="0">0</subfield>
    <subfield code="1">0</subfield>
    <subfield code="4">0</subfield>
    <subfield code="7">0</subfield>
    <subfield code="a">BCEJYS</subfield>
    <subfield code="b">BCEJYS</subfield>
    <subfield code="c">16</subfield>
    <subfield code="d">2026-04-07</subfield>
    <subfield code="l">0</subfield>
    <subfield code="o">347.91 A461 v.3 2ed.</subfield>
    <subfield code="p">L118934</subfield>
    <subfield code="r">2026-04-07 15:54:46</subfield>
    <subfield code="w">2026-04-07</subfield>
    <subfield code="y">L</subfield>
  </datafield>
  <datafield tag="952" ind1=" " ind2=" ">
    <subfield code="0">0</subfield>
    <subfield code="1">0</subfield>
    <subfield code="4">0</subfield>
    <subfield code="7">0</subfield>
    <subfield code="a">BCEJYS</subfield>
    <subfield code="b">BCEJYS</subfield>
    <subfield code="c">16</subfield>
    <subfield code="d">2026-04-07</subfield>
    <subfield code="l">0</subfield>
    <subfield code="o">347.91 A461 v.4 2ed.</subfield>
    <subfield code="p">L118935</subfield>
    <subfield code="r">2026-04-07 15:54:46</subfield>
    <subfield code="w">2026-04-07</subfield>
    <subfield code="y">L</subfield>
  </datafield>
  <datafield tag="952" ind1=" " ind2=" ">
    <subfield code="0">0</subfield>
    <subfield code="1">0</subfield>
    <subfield code="4">0</subfield>
    <subfield code="7">0</subfield>
    <subfield code="a">BCEJYS</subfield>
    <subfield code="b">BCEJYS</subfield>
    <subfield code="c">16</subfield>
    <subfield code="d">2026-04-07</subfield>
    <subfield code="l">0</subfield>
    <subfield code="o">347.91 A461 v.5 2ed.</subfield>
    <subfield code="p">L118936</subfield>
    <subfield code="r">2026-04-07 15:54:46</subfield>
    <subfield code="w">2026-04-07</subfield>
    <subfield code="y">L</subfield>
  </datafield>
  <datafield tag="952" ind1=" " ind2=" ">
    <subfield code="0">0</subfield>
    <subfield code="1">0</subfield>
    <subfield code="4">0</subfield>
    <subfield code="7">0</subfield>
    <subfield code="a">BCEJYS</subfield>
    <subfield code="b">BCEJYS</subfield>
    <subfield code="c">16</subfield>
    <subfield code="d">2026-04-07</subfield>
    <subfield code="l">0</subfield>
    <subfield code="o">347.91 A461 v.6 2ed.</subfield>
    <subfield code="p">L118937</subfield>
    <subfield code="r">2026-04-07 15:54:46</subfield>
    <subfield code="w">2026-04-07</subfield>
    <subfield code="y">L</subfield>
  </datafield>
  <datafield tag="952" ind1=" " ind2=" ">
    <subfield code="0">0</subfield>
    <subfield code="1">0</subfield>
    <subfield code="4">0</subfield>
    <subfield code="7">0</subfield>
    <subfield code="a">BCEJYS</subfield>
    <subfield code="b">BCEJYS</subfield>
    <subfield code="c">16</subfield>
    <subfield code="d">2026-04-07</subfield>
    <subfield code="l">0</subfield>
    <subfield code="o">347.91 A461 v.7 2ed.</subfield>
    <subfield code="p">L118938</subfield>
    <subfield code="r">2026-04-07 15:54:46</subfield>
    <subfield code="w">2026-04-07</subfield>
    <subfield code="y">L</subfield>
  </datafield>
</record>
